Movies Quiz

Random Movies or Director Quiz

One-Word Hitchcock Titles Quiz Stats

 Plays Quiz Updated Mar 16, 2012

Challenge
Share
Tweet
Embed
Score 0/17 Timer 02:00
0 Plays Today
Year Title % Correct
1960Psycho
90.9%
1958Vertigo
78.9%
1948Rope
51.2%
1940Rebecca
38.1%
1964Marnie
34.8%
1972Frenzy
31.9%
1946Notorious
30.5%
1941Suspicion
24.4%
1944Lifeboat
22.7%
Year Title % Correct
1969Topaz
22.6%
1945Spellbound
19.7%
1942Saboteur
18.7%
1930Murder!
18.3%
1936Sabotage
18.1%
1929Blackmail
12%
1928Champagne
5.8%
1931Mary
5.6%

You're not logged in!

Compare scores with friends on all Sporcle quizzes.
Join for Free
OR
Log In

You Might Also Like...

Show Comments

Extras

Top Quizzes Today


Score Distribution

Your Account Isn't Verified!

In order to create a playlist on Sporcle, you need to verify the email address you used during registration. Go to your Sporcle Settings to finish the process.

Report this User

Report this user for behavior that violates our Community Guidelines.

Details: